Ο ωφελιμισμός
Saved in:
| Main Author: | |
|---|---|
| Other Authors: | |
| Format: | Book |
| Language: | Greek |
| Published: |
[Αθήνα] :
Αναγνωστίδη,
[19--]
|
| Subjects: | |
| Tags: |
Add Tag
No Tags, Be the first to tag this record!
|
MARC
| LEADER | 00000cam a2200000 i 4500 | ||
|---|---|---|---|
| 001 | 1/74338 | ||
| 008 | 050324s gre d | ||
| 035 | |l 10077355 | ||
| 040 | |a GR-MY-UA |b gre |e aacr | ||
| 041 | 0 | |a gre | |
| 082 | 0 | |a 144.6 |2 (21) | |
| 100 | 1 | |a Mill, John Stuart, |d 1806-1873. | |
| 245 | 1 | 2 | |a Ο ωφελιμισμός / |c Στιούαρτ Μιλλ ; μετάφραση Κ. Μετρινού |
| 260 | |a [Αθήνα] : |b Αναγνωστίδη, |c [19--] | ||
| 300 | |a 127 σ.; |c 21 εκ. | ||
| 600 | 1 | 0 | |a Mill, John Stuart, |d 1806-1873. |
| 650 | 0 | 0 | |a Utilitarianism. |
| 700 | 1 | |4 trl |a Μετρινός, Κ. | |
| 852 | |a INST |b SAMOS |e 20050324 |h 144.6 MIL |p 005300023036 |q 005300023036 |t BK |y 0 | ||
| 901 | |a BIBL3-2005-1 | ||
| 909 | |a Σ |b 107615 | ||
| 922 | |a 3ΕΛΗ | ||
| 970 | |a ΜΑΛΑΓΑΡΗ |b ΦΩΤΕΙΝΗ |z 2005/03/24 | ||